Discrete-time signal processing / (Record no. 179130)

000 -LEADER
fixed length control field 01266 a2200229 4500
003 - CONTROL NUMBER IDENTIFIER
control field Nust
005 - DATE AND TIME OF LATEST TRANSACTION
control field 20221214103945.0
010 ## - LIBRARY OF CONGRESS CONTROL NUMBER
LC control number 88025562
020 ## - INTERNATIONAL STANDARD BOOK NUMBER
International Standard Book Number 8120307208
040 ## - CATALOGING SOURCE
Transcribing agency Nust
082 00 - DEWEY DECIMAL CLASSIFICATION NUMBER
Classification number 621.3822,OPP
100 1# - MAIN ENTRY--PERSONAL NAME
Personal name Oppenheim, Alan V.,
9 (RLIN) 69572
245 10 - TITLE STATEMENT
Title Discrete-time signal processing /
Statement of responsibility, etc. Alan V. Oppenheim, Ronald W. Schafer.
260 ## - PUBLICATION, DISTRIBUTION, ETC.
Place of publication, distribution, etc. Englewood Cliffs, N.J. :
Name of publisher, distributor, etc. Prentice Hall,
Date of publication, distribution, etc. c1989.
300 ## - PHYSICAL DESCRIPTION
Extent xv, 879 p. :
Other physical details ill. ;
Dimensions 25 cm.
440 #0 - SERIES STATEMENT/ADDED ENTRY--TITLE
Title Prentice-Hall signal processing series
9 (RLIN) 102988
505 ## - FORMATTED CONTENTS NOTE
Formatted contents note Discrete Time Signals and Systems (Page-8), Sampling of Continuous-Time Signals (Page-80), The z- Transform (Page-140), Transform Analysis of Linear Time-Invarlant Systems (Page-202), Structures for Discrete-Time Systems (Page-290), Filter Design Techniques (Page-403), The Discrete Fourier Transform (Page-514), Computation of the Discrete Fourier Transform (Page-581), Discrete Hilbert Transforms (Page-662), Fourier Analysis of Signals using the Discrete fourier Transform (Page-695), Cepstrum Analysis and Homomorphic Deconvolution (Page-768).
650 #0 - SUBJECT ADDED ENTRY--TOPICAL TERM
Topical term or geographic name entry element Telecommunication Engineering.
651 ## - SUBJECT ADDED ENTRY--GEOGRAPHIC NAME
Geographic name Telecommunications engineering - (E-BOOK)
9 (RLIN) 104813
700 1# - ADDED ENTRY--PERSONAL NAME
Personal name Schafer, Ronald W.,
Dates associated with a name 1938-
9 (RLIN) 83396
942 ## - ADDED ENTRY ELEMENTS (KOHA)
Source of classification or shelving scheme
Koha item type Book
Holdings
Withdrawn status Lost status Source of classification or shelving scheme Damaged status Not for loan Collection code Permanent Location Current Location Date acquired Total Checkouts Full call number Barcode Date last seen Price effective from Koha item type
            Military College of Signals (MCS) Military College of Signals (MCS) 12/12/2016   621.38 OPP MCS28693 12/08/2016 12/12/2016 Book
            Military College of Signals (MCS) Military College of Signals (MCS) 12/12/2016   621.38 OPP MCSEB-3050 12/08/2016 12/12/2016 Book
© 2023 Central Library, National University of Sciences and Technology. All Rights Reserved.